[Event "DVM U20 2022"]
[Site "Münster GER"]
[Date "2022.12.27"]
[Round "1"]
[White "Biermann, Florian"]
[Black "Wang, Xinyuan"]
[Result "1-0"]
[Termination "normal"]
[Board "5.2"]
[WhiteElo "2113"]
[BlackElo "1835"]
[WhiteClock "00:18:06"]
[BlackClock "00:20:54"]
[WhiteTeam "Schachgesellschaft Bochum 1931"]
[BlackTeam "Karlsruher SF 1853"]
[PlyCount "97"]
[WhiteFideId "12970069"]
[BlackFideId "16221494"]
[EventCountry "GER"]
[EventRounds "7"]
[EventType "team-swiss"]
[EventDate "2022.12.26"]

1. Nf3 {[%clk 01:30:56]} {[%emt 00:00:03]} Nf6 {[%clk 01:30:38]} {[%emt
00:00:23]} 2. c4 {[%clk 01:27:52]} {[%emt 00:03:34]} e6 {[%clk 01:30:41]}
{[%emt 00:00:27]} 3. b3 {[%clk 01:26:24]} {[%emt 00:01:58]} d5 {[%clk
01:30:09]} {[%emt 00:01:02]} 4. Bb2 {[%clk 01:26:36]} {[%emt 00:00:18]} c5
{[%clk 01:29:44]} {[%emt 00:00:54]} 5. e3 {[%clk 01:25:26]} {[%emt 00:01:40]}
Nc6 {[%clk 01:29:23]} {[%emt 00:00:51]} 6. cxd5 {[%clk 01:24:33]} {[%emt
00:01:23]} exd5 {[%clk 01:27:39]} {[%emt 00:02:14]} 7. Bb5 {[%clk 01:11:46]}
{[%emt 00:13:16]} Bd6 {[%clk 01:18:54]} {[%emt 00:09:17]} 8. O-O {[%clk
01:07:24]} {[%emt 00:04:52]} O-O {[%clk 01:16:41]} {[%emt 00:02:43]} 9. Nc3
{[%clk 01:01:16]} {[%emt 00:06:39]} Bg4 {[%clk 01:14:29]} {[%emt 00:02:42]} 10.
Bxc6 {[%clk 00:52:54]} {[%emt 00:08:51]} bxc6 {[%clk 01:14:51]} {[%emt
00:00:08]} 11. h3 {[%clk 00:53:05]} {[%emt 00:00:20]} Bh5 {[%clk 01:14:07]}
{[%emt 00:01:14]} 12. d3 {[%clk 00:48:11]} {[%emt 00:05:24]} Re8 {[%clk
00:53:10]} {[%emt 00:21:27]} 13. Re1 {[%clk 00:45:43]} {[%emt 00:02:57]} d4
{[%clk 00:50:59]} {[%emt 00:02:41]} 14. Ne4 {[%clk 00:27:03]} {[%emt 00:19:10]}
Nxe4 {[%clk 00:48:37]} {[%emt 00:02:51]} 15. dxe4 {[%clk 00:27:16]} {[%emt
00:00:17]} Rxe4 {[%clk 00:46:18]} {[%emt 00:02:50]} 16. g4 {[%clk 00:27:30]}
{[%emt 00:00:16]} Bg6 {[%clk 00:46:29]} {[%emt 00:00:19]} 17. exd4 {[%clk
00:27:51]} {[%emt 00:00:09]} cxd4 {[%clk 00:46:29]} {[%emt 00:00:30]} 18. Rxe4
{[%clk 00:26:02]} {[%emt 00:02:19]} Bxe4 {[%clk 00:45:18]} {[%emt 00:01:41]}
19. Qxd4 {[%clk 00:26:16]} {[%emt 00:00:15]} Qf6 {[%clk 00:45:33]} {[%emt
00:00:14]} 20. Qxf6 {[%clk 00:23:53]} {[%emt 00:02:53]} gxf6 {[%clk 00:45:55]}
{[%emt 00:00:08]} 21. Nd2 {[%clk 00:23:21]} {[%emt 00:01:02]} Bd5 {[%clk
00:42:19]} {[%emt 00:04:06]} 22. Bxf6 {[%clk 00:22:58]} {[%emt 00:00:52]} Re8
{[%clk 00:42:01]} {[%emt 00:00:48]} 23. Nc4 {[%clk 00:17:16]} {[%emt 00:06:12]}
Bc5 {[%clk 00:41:09]} {[%emt 00:01:22]} 24. Kf1 {[%clk 00:14:45]} {[%emt
00:03:00]} Re6 {[%clk 00:34:01]} {[%emt 00:07:39]} 25. Bc3 {[%clk 00:14:16]}
{[%emt 00:00:59]} Rh6 {[%clk 00:31:33]} {[%emt 00:02:58]} 26. Re1 {[%clk
00:14:11]} {[%emt 00:00:34]} f6 {[%clk 00:30:42]} {[%emt 00:01:21]} 27. Ne3
{[%clk 00:12:07]} {[%emt 00:02:35]} Bf3 {[%clk 00:30:03]} {[%emt 00:01:09]} 28.
Ra1 {[%clk 00:09:49]} {[%emt 00:02:48]} Bb4 {[%clk 00:23:52]} {[%emt 00:06:41]}
29. Bxb4 {[%clk 00:08:34]} {[%emt 00:01:44]} Rxh3 {[%clk 00:24:12]} {[%emt
00:00:11]} 30. Ke1 {[%clk 00:08:57]} {[%emt 00:00:07]} Rh1 {[%clk 00:23:27]}
{[%emt 00:01:14]} 31. Nf1 {[%clk 00:09:20]} {[%emt 00:00:07]} Bxg4 {[%clk
00:23:24]} {[%emt 00:00:33]} 32. f3 {[%clk 00:08:53]} {[%emt 00:00:57]} Bxf3
{[%clk 00:23:41]} {[%emt 00:00:13]} 33. Kf2 {[%clk 00:09:14]} {[%emt 00:00:09]}
Bd5 {[%clk 00:23:49]} {[%emt 00:00:22]} 34. Re1 {[%clk 00:09:38]} {[%emt
00:00:07]} Rh4 {[%clk 00:22:01]} {[%emt 00:02:18]} 35. Re8 {[%clk 00:08:38]}
{[%emt 00:01:30]} Kf7 {[%clk 00:22:13]} {[%emt 00:00:18]} 36. Re7 {[%clk
00:08:57]} {[%emt 00:00:11]} Kg6 {[%clk 00:22:36]} {[%emt 00:00:07]} 37. Bd2
{[%clk 00:09:01]} {[%emt 00:00:26]} a6 {[%clk 00:19:25]} {[%emt 00:03:41]} 38.
Ra7 {[%clk 00:09:22]} {[%emt 00:00:09]} Rh1 {[%clk 00:17:16]} {[%emt 00:02:39]}
39. Rxa6 {[%clk 00:09:32]} {[%emt 00:00:20]} h5 {[%clk 00:17:38]} {[%emt
00:00:07]} 40. Ra8 {[%clk 00:08:26]} {[%emt 00:01:36]} h4 {[%clk 00:17:13]}
{[%emt 00:00:56]} 41. Rh8 {[%clk 00:01:55]} {[%emt 00:07:00]} Kg7 {[%clk
00:12:27]} {[%emt 00:05:17]} 42. Rh5 {[%clk 00:00:44]} {[%emt 00:01:41]} h3
{[%clk 00:05:40]} {[%emt 00:07:18]} 43. Bf4 {[%clk 00:17:37]} {[%emt 00:13:36]}
Bg2 {[%clk 00:32:02]} {[%emt 00:04:08]} 44. Ne3 {[%clk 00:17:35]} {[%emt
00:00:31]} Ra1 {[%clk 00:29:55]} {[%emt 00:02:39]} 45. Nxg2 {[%clk 00:17:43]}
{[%emt 00:00:18]} Rxa2 {[%clk 00:30:16]} {[%emt 00:00:12]} 46. Kg1 {[%clk
00:18:01]} {[%emt 00:00:12]} hxg2 {[%clk 00:30:13]} {[%emt 00:00:34]} 47. Bd6
{[%clk 00:18:08]} {[%emt 00:00:23]} Rd2 {[%clk 00:20:31]} {[%emt 00:10:12]} 48.
Bc5 {[%clk 00:17:55]} {[%emt 00:00:42]} Rc2 {[%clk 00:20:54]} {[%emt 00:00:08]}
49. b4 {[%clk 00:18:06]} {[%emt 00:00:20]} 1-0

[Event "DVM U20 2022"]
[Site "Münster GER"]
[Date "2022.12.27"]
[Round "1"]
[White "Fischer, Darja"]
[Black "Prieb, Robert"]
[Result "0-1"]
[Termination "normal"]
[Board "5.3"]
[BlackTitle "CM"]
[WhiteElo "1762"]
[BlackElo "2114"]
[WhiteClock "00:12:41"]
[BlackClock "00:46:33"]
[WhiteTeam "Karlsruher SF 1853"]
[BlackTeam "Schachgesellschaft Bochum 1931"]
[PlyCount "80"]
[WhiteFideId "16240898"]
[BlackFideId "16212002"]
[EventCountry "GER"]
[EventRounds "7"]
[EventType "team-swiss"]
[EventDate "2022.12.26"]

1. d4 {[%clk 01:30:59]} Nf6 {[%clk 01:30:50]} {[%emt 00:00:10]} 2. c4 {[%clk
01:31:25]} {[%emt 00:00:04]} g6 {[%clk 01:31:08]} {[%emt 00:00:12]} 3. Nc3
{[%clk 01:31:49]} {[%emt 00:00:06]} d5 {[%clk 01:31:22]} {[%emt 00:00:16]} 4.
Nf3 {[%clk 01:32:07]} {[%emt 00:00:12]} Bg7 {[%clk 01:31:31]} {[%emt 00:00:20]}
5. cxd5 {[%clk 01:32:20]} {[%emt 00:00:18]} Nxd5 {[%clk 01:31:45]} {[%emt
00:00:16]} 6. e4 {[%clk 01:32:44]} {[%emt 00:00:06]} Nxc3 {[%clk 01:31:56]}
{[%emt 00:00:18]} 7. bxc3 {[%clk 01:33:09]} {[%emt 00:00:04]} c5 {[%clk
01:32:10]} {[%emt 00:00:17]} 8. Be3 {[%clk 01:33:19]} {[%emt 00:00:20]} Nc6
{[%clk 01:31:43]} {[%emt 00:00:56]} 9. Be2 {[%clk 01:33:04]} {[%emt 00:00:45]}
O-O {[%clk 01:29:54]} {[%emt 00:02:20]} 10. Rc1 {[%clk 01:29:50]} {[%emt
00:03:44]} cxd4 {[%clk 01:23:07]} {[%emt 00:07:17]} 11. cxd4 {[%clk 01:30:03]}
{[%emt 00:00:17]} Qa5 {[%clk 01:22:45]} {[%emt 00:00:51]} 12. Qd2 {[%clk
01:30:25]} {[%emt 00:00:08]} Qxd2 {[%clk 01:22:46]} {[%emt 00:00:29]} 13. Kxd2
{[%clk 01:30:46]} {[%emt 00:00:08]} Rd8 {[%clk 01:22:52]} {[%emt 00:00:23]} 14.
Rc4 {[%clk 01:16:21]} {[%emt 00:14:55]} Bg4 {[%clk 01:17:00]} {[%emt 00:06:23]}
15. Kc3 {[%clk 01:07:22]} {[%emt 00:09:29]} Rac8 {[%clk 01:11:57]} {[%emt
00:05:32]} 16. Kb2 {[%clk 00:34:58]} {[%emt 00:32:54]} Bxf3 {[%clk 01:06:37]}
{[%emt 00:05:50]} 17. Bxf3 {[%clk 00:34:55]} {[%emt 00:00:33]} Nxd4 {[%clk
01:05:08]} {[%emt 00:01:59]} 18. Rxc8 {[%clk 00:35:01]} {[%emt 00:00:25]} Rxc8
{[%clk 01:04:59]} {[%emt 00:00:39]} 19. Kb1 {[%clk 00:34:01]} {[%emt 00:01:30]}
Nb5 {[%clk 01:04:44]} {[%emt 00:00:45]} 20. a4 {[%clk 00:29:27]} {[%emt
00:05:04]} Nc3 {[%clk 01:04:13]} {[%emt 00:01:00]} 21. Kc2 {[%clk 00:28:44]}
{[%emt 00:01:12]} Nxa4 {[%clk 01:03:20]} {[%emt 00:01:24]} 22. Kb3 {[%clk
00:27:45]} {[%emt 00:01:29]} Nc5 {[%clk 01:02:48]} {[%emt 00:01:02]} 23. Bxc5
{[%clk 00:27:18]} {[%emt 00:00:57]} Rxc5 {[%clk 01:03:07]} {[%emt 00:00:11]}
24. Rd1 {[%clk 00:27:07]} {[%emt 00:00:42]} Be5 {[%clk 00:55:39]} {[%emt
00:07:58]} 25. h3 {[%clk 00:25:17]} {[%emt 00:02:20]} Rb5 {[%clk 00:54:39]}
{[%emt 00:01:30]} 26. Ka4 {[%clk 00:25:20]} {[%emt 00:00:27]} Rb2 {[%clk
00:53:50]} {[%emt 00:01:18]} 27. Rd7 {[%clk 00:25:16]} {[%emt 00:00:34]} Kf8
{[%clk 00:53:24]} {[%emt 00:00:56]} 28. Rd5 {[%clk 00:23:10]} {[%emt 00:02:36]}
f6 {[%clk 00:52:04]} {[%emt 00:01:51]} 29. Rb5 {[%clk 00:22:02]} {[%emt
00:01:37]} Ra2 {[%clk 00:51:35]} {[%emt 00:00:58]} 30. Kb4 {[%clk 00:21:26]}
{[%emt 00:01:07]} Rxf2 {[%clk 00:51:34]} {[%emt 00:00:31]} 31. Kc4 {[%clk
00:20:34]} {[%emt 00:01:21]} b6 {[%clk 00:51:01]} {[%emt 00:01:04]} 32. Rd5
{[%clk 00:18:23]} {[%emt 00:02:41]} a5 {[%clk 00:49:05]} {[%emt 00:02:25]} 33.
Kb5 {[%clk 00:15:55]} {[%emt 00:02:58]} Rb2 {[%clk 00:48:32]} {[%emt 00:01:03]}
34. Ka4 {[%clk 00:14:39]} {[%emt 00:01:47]} Rb4 {[%clk 00:47:36]} {[%emt
00:01:25]} 35. Ka3 {[%clk 00:15:01]} {[%emt 00:00:08]} b5 {[%clk 00:46:34]}
{[%emt 00:01:32]} 36. Be2 {[%clk 00:14:12]} {[%emt 00:01:19]} Bd6 {[%clk
00:46:21]} {[%emt 00:00:43]} 37. Ka2 {[%clk 00:14:19]} {[%emt 00:00:23]} Ra4
{[%clk 00:46:04]} {[%emt 00:00:46]} 38. Kb3 {[%clk 00:13:07]} {[%emt 00:01:42]}
Ra3 {[%clk 00:46:11]} {[%emt 00:00:23]} 39. Kb2 {[%clk 00:13:22]} {[%emt
00:00:15]} b4 {[%clk 00:46:31]} {[%emt 00:00:10]} 40. Rd3 {[%clk 00:12:41]}
{[%emt 00:01:11]} Be5 {[%clk 00:46:33]} {[%emt 00:00:29]} 0-1

[Event "DVM U20 2022"]
[Site "Münster GER"]
[Date "2022.12.27"]
[Round "1"]
[White "Gluma, Christian"]
[Black "Borodaev, Roman"]
[Result "1-0"]
[Termination "normal"]
[Board "5.4"]
[WhiteElo "2069"]
[BlackElo "1678"]
[WhiteClock "00:42:01"]
[BlackClock "00:11:38"]
[WhiteTeam "Schachgesellschaft Bochum 1931"]
[BlackTeam "Karlsruher SF 1853"]
[PlyCount "59"]
[WhiteFideId "16223209"]
[BlackFideId "16274881"]
[EventCountry "GER"]
[EventRounds "7"]
[EventType "team-swiss"]
[EventDate "2022.12.26"]

1. e4 {[%clk 01:30:58]} {[%emt 00:00:01]} c5 {[%clk 01:30:58]} {[%emt
00:00:03]} 2. Nf3 {[%clk 01:31:21]} {[%emt 00:00:06]} Nc6 {[%clk 01:31:26]}
{[%emt 00:00:02]} 3. d4 {[%clk 01:31:42]} {[%emt 00:00:08]} cxd4 {[%clk
01:31:53]} {[%emt 00:00:04]} 4. Nxd4 {[%clk 01:32:04]} {[%emt 00:00:07]} g6
{[%clk 01:32:21]} {[%emt 00:00:03]} 5. c4 {[%clk 01:32:24]} {[%emt 00:00:10]}
Bg7 {[%clk 01:32:48]} {[%emt 00:00:03]} 6. Be3 {[%clk 01:32:45]} {[%emt
00:00:08]} Qb6 {[%clk 01:33:15]} {[%emt 00:00:04]} 7. Nb3 {[%clk 01:32:25]}
{[%emt 00:00:50]} Qd8 {[%clk 01:33:33]} {[%emt 00:00:13]} 8. Qd2 {[%clk
01:30:18]} {[%emt 00:02:37]} Nf6 {[%clk 01:33:31]} {[%emt 00:00:32]} 9. f3
{[%clk 01:28:10]} {[%emt 00:02:37]} d6 {[%clk 01:31:10]} {[%emt 00:02:52]} 10.
Nc3 {[%clk 01:26:07]} {[%emt 00:02:33]} O-O {[%clk 01:31:28]} {[%emt 00:00:12]}
11. Rc1 {[%clk 01:20:43]} {[%emt 00:05:54]} Be6 {[%clk 01:16:32]} {[%emt
00:15:27]} 12. Nd4 {[%clk 01:18:42]} {[%emt 00:02:31]} Nxd4 {[%clk 01:13:25]}
{[%emt 00:03:37]} 13. Bxd4 {[%clk 01:19:02]} {[%emt 00:00:09]} Rc8 {[%clk
01:05:17]} {[%emt 00:08:39]} 14. b3 {[%clk 01:15:28]} {[%emt 00:04:04]} b6
{[%clk 00:51:16]} {[%emt 00:14:32]} 15. Be2 {[%clk 01:10:29]} {[%emt 00:05:28]}
Nh5 {[%clk 00:33:55]} {[%emt 00:17:51]} 16. Bxg7 {[%clk 01:06:10]} {[%emt
00:04:49]} Nxg7 {[%clk 00:34:19]} {[%emt 00:00:06]} 17. g4 {[%clk 01:02:34]}
{[%emt 00:04:05]} f5 {[%clk 00:27:22]} {[%emt 00:07:27]} 18. gxf5 {[%clk
01:00:24]} {[%emt 00:02:40]} gxf5 {[%clk 00:27:49]} {[%emt 00:00:04]} 19. Rg1
{[%clk 00:59:15]} {[%emt 00:01:38]} Qe8 {[%clk 00:26:36]} {[%emt 00:01:44]} 20.
Qh6 {[%clk 00:53:42]} {[%emt 00:06:02]} Qf7 {[%clk 00:26:43]} {[%emt 00:00:23]}
21. Rxg7 {[%clk 00:48:44]} {[%emt 00:05:28]} Qxg7 {[%clk 00:27:08]} {[%emt
00:00:05]} 22. Qxe6 {[%clk 00:48:52]} {[%emt 00:00:21]} Kh8 {[%clk 00:24:09]}
{[%emt 00:03:30]} 23. exf5 {[%clk 00:42:16]} {[%emt 00:07:05]} Qd4 {[%clk
00:13:33]} {[%emt 00:11:06]} 24. Qe4 {[%clk 00:41:23]} {[%emt 00:01:23]} Qg1
{[%clk 00:11:42]} {[%emt 00:02:21]} 25. Kd2 {[%clk 00:41:24]} {[%emt 00:00:29]}
Qg5 {[%clk 00:11:59]} {[%emt 00:00:13]} 26. f4 {[%clk 00:41:10]} {[%emt
00:00:44]} Qh6 {[%clk 00:10:51]} {[%emt 00:01:39]} 27. Nd5 {[%clk 00:40:57]}
{[%emt 00:00:43]} Rce8 {[%clk 00:10:53]} {[%emt 00:00:28]} 28. Qd4 {[%clk
00:41:15]} {[%emt 00:00:11]} Qg7 {[%clk 00:11:14]} {[%emt 00:00:10]} 29. Qxg7
{[%clk 00:41:36]} {[%emt 00:00:09]} Kxg7 {[%clk 00:11:38]} {[%emt 00:00:06]}
30. Nc7 {[%clk 00:42:01]} {[%emt 00:00:05]} 1-0

[Event "DVM U20 2022"]
[Site "Münster GER"]
[Date "2022.12.27"]
[Round "1"]
[White "Scheifel, Maximilian"]
[Black "Hofmann, Benjamin"]
[Result "1/2-1/2"]
[Termination "normal"]
[Board "5.5"]
[WhiteElo "1561"]
[BlackElo "1772"]
[WhiteClock "00:16:44"]
[BlackClock "00:28:36"]
[WhiteTeam "Karlsruher SF 1853"]
[BlackTeam "Schachgesellschaft Bochum 1931"]
[PlyCount "61"]
[WhiteFideId "16279433"]
[BlackFideId "16270266"]
[EventCountry "GER"]
[EventRounds "7"]
[EventType "team-swiss"]
[EventDate "2022.12.26"]

1. e4 {[%clk 01:30:24]} {[%emt 00:00:35]} e5 {[%clk 01:30:57]} {[%emt
00:00:04]} 2. Nf3 {[%clk 01:30:39]} {[%emt 00:00:14]} Nc6 {[%clk 01:31:20]}
{[%emt 00:00:07]} 3. Bb5 {[%clk 01:30:14]} {[%emt 00:00:55]} a6 {[%clk
01:31:42]} {[%emt 00:00:08]} 4. Ba4 {[%clk 01:30:43]} {[%emt 00:00:01]} Bc5
{[%clk 01:32:00]} {[%emt 00:00:12]} 5. O-O {[%clk 01:29:49]} {[%emt 00:01:24]}
b5 {[%clk 01:32:09]} {[%emt 00:00:21]} 6. Bb3 {[%clk 01:30:11]} {[%emt
00:00:09]} d6 {[%clk 01:32:26]} {[%emt 00:00:13]} 7. c3 {[%clk 01:29:38]}
{[%emt 00:01:03]} Nf6 {[%clk 01:32:23]} {[%emt 00:00:32]} 8. d3 {[%clk
01:27:32]} {[%emt 00:02:36]} Ne7 {[%clk 01:30:46]} {[%emt 00:02:07]} 9. Re1
{[%clk 01:24:37]} {[%emt 00:03:25]} Ng6 {[%clk 01:30:14]} {[%emt 00:01:03]} 10.
Be3 {[%clk 01:20:29]} {[%emt 00:04:38]} Ba7 {[%clk 01:26:10]} {[%emt 00:04:33]}
11. Nbd2 {[%clk 01:18:43]} {[%emt 00:02:16]} c5 {[%clk 01:15:43]} {[%emt
00:10:57]} 12. Nf1 {[%clk 01:15:31]} {[%emt 00:03:41]} Bg4 {[%clk 01:13:25]}
{[%emt 00:02:49]} 13. h3 {[%clk 01:11:52]} {[%emt 00:04:10]} Bd7 {[%clk
01:11:30]} {[%emt 00:02:24]} 14. Ng3 {[%clk 01:10:19]} {[%emt 00:02:03]} O-O
{[%clk 01:10:33]} {[%emt 00:01:27]} 15. Qd2 {[%clk 01:06:45]} {[%emt 00:04:03]}
Be6 {[%clk 01:03:58]} {[%emt 00:07:06]} 16. d4 {[%clk 00:54:01]} {[%emt
00:13:13]} exd4 {[%clk 01:01:24]} {[%emt 00:03:03]} 17. cxd4 {[%clk 00:54:17]}
{[%emt 00:00:14]} c4 {[%clk 00:57:53]} {[%emt 00:04:02]} 18. Bc2 {[%clk
00:54:14]} {[%emt 00:00:31]} Bb6 {[%clk 00:56:45]} {[%emt 00:01:39]} 19. Qe2
{[%clk 00:50:48]} {[%emt 00:03:54]} Re8 {[%clk 00:41:03]} {[%emt 00:16:14]} 20.
Rad1 {[%clk 00:44:30]} {[%emt 00:06:46]} Bd7 {[%clk 00:34:53]} {[%emt
00:06:42]} 21. Bd2 {[%clk 00:33:49]} {[%emt 00:11:07]} Bc6 {[%clk 00:34:25]}
{[%emt 00:01:03]} 22. Bg5 {[%clk 00:30:37]} {[%emt 00:03:38]} h6 {[%clk
00:34:23]} {[%emt 00:00:35]} 23. Bxf6 {[%clk 00:27:09]} {[%emt 00:03:58]} Qxf6
{[%clk 00:34:29]} {[%emt 00:00:25]} 24. Qd2 {[%clk 00:23:12]} {[%emt 00:04:22]}
Qd8 {[%clk 00:32:52]} {[%emt 00:02:12]} 25. Qe3 {[%clk 00:20:14]} {[%emt
00:03:24]} Qf6 {[%clk 00:30:54]} {[%emt 00:02:32]} 26. Qd2 {[%clk 00:18:08]}
{[%emt 00:02:35]} Nf4 {[%clk 00:30:32]} {[%emt 00:00:54]} 27. Nf5 {[%clk
00:17:14]} {[%emt 00:01:23]} Ng6 {[%clk 00:29:18]} {[%emt 00:01:45]} 28. Ng3
{[%clk 00:16:35]} {[%emt 00:01:09]} Nf4 {[%clk 00:28:53]} {[%emt 00:00:55]} 29.
Nf5 {[%emt 00:00:10]} Ng6 {[%emt 00:00:10]} 30. Ng3 {[%clk 00:16:23]} {[%emt
00:00:21]} Nf4 {[%clk 00:28:36]} {[%emt 00:00:46]} 31. Nf5 {[%clk 00:16:44]}
{[%emt 00:00:09]} 1/2-1/2

[Event "DVM U20 2022"]
[Site "Münster GER"]
[Date "2022.12.27"]
[Round "1"]
[White "Wichmann, Luc"]
[Black "Gülsen, Sinan Yilmaz"]
[Result "1/2-1/2"]
[Termination "normal"]
[Board "5.6"]
[WhiteElo "1292"]
[BlackElo "1147"]
[WhiteClock "00:55:23"]
[BlackClock "00:24:16"]
[WhiteTeam "Schachgesellschaft Bochum 1931"]
[BlackTeam "Karlsruher SF 1853"]
[PlyCount "76"]
[WhiteFideId "16274539"]
[BlackFideId "34606017"]
[EventCountry "GER"]
[EventRounds "7"]
[EventType "team-swiss"]
[EventDate "2022.12.26"]

1. Nf3 {[%clk 01:30:20]} {[%emt 00:00:37]} d5 {[%clk 01:30:45]} {[%emt
00:00:17]} 2. d4 {[%clk 01:30:27]} {[%emt 00:00:22]} Nf6 {[%clk 01:30:47]}
{[%emt 00:00:28]} 3. Bf4 {[%clk 01:30:20]} {[%emt 00:00:36]} c5 {[%clk
01:29:31]} {[%emt 00:01:48]} 4. c3 {[%clk 01:28:57]} {[%emt 00:01:53]} Nc6
{[%clk 01:27:46]} {[%emt 00:02:15]} 5. e3 {[%clk 01:27:28]} {[%emt 00:01:58]}
e6 {[%clk 01:26:46]} {[%emt 00:01:31]} 6. Nbd2 {[%clk 01:26:24]} {[%emt
00:01:33]} Bd6 {[%clk 01:26:47]} {[%emt 00:00:30]} 7. Bg3 {[%clk 01:24:36]}
{[%emt 00:02:17]} O-O {[%clk 01:24:53]} {[%emt 00:02:24]} 8. Be2 {[%clk
01:23:22]} {[%emt 00:01:44]} Re8 {[%clk 01:23:12]} {[%emt 00:02:11]} 9. O-O
{[%clk 01:23:04]} {[%emt 00:00:48]} e5 {[%clk 01:22:52]} {[%emt 00:00:49]} 10.
dxe5 {[%clk 01:19:23]} {[%emt 00:04:11]} Nxe5 {[%clk 01:23:09]} {[%emt
00:00:13]} 11. Nxe5 {[%clk 01:19:42]} {[%emt 00:00:11]} Bxe5 {[%clk 01:23:30]}
{[%emt 00:00:09]} 12. Bxe5 {[%clk 01:19:49]} {[%emt 00:00:22]} Rxe5 {[%clk
01:23:52]} {[%emt 00:00:08]} 13. Nf3 {[%clk 01:19:39]} {[%emt 00:00:41]} Rh5
{[%clk 01:18:42]} {[%emt 00:05:41]} 14. c4 {[%clk 01:14:40]} {[%emt 00:05:30]}
Qc7 {[%clk 01:05:55]} {[%emt 00:13:16]} 15. g3 {[%clk 01:13:19]} {[%emt
00:01:49]} Bh3 {[%clk 00:59:31]} {[%emt 00:06:56]} 16. Re1 {[%clk 01:13:36]}
{[%emt 00:00:13]} Rd8 {[%clk 00:58:02]} {[%emt 00:01:59]} 17. cxd5 {[%clk
01:11:18]} {[%emt 00:02:48]} Nxd5 {[%clk 00:56:48]} {[%emt 00:01:43]} 18. Qb3
{[%clk 01:11:02]} {[%emt 00:00:46]} Be6 {[%clk 00:55:18]} {[%emt 00:02:00]} 19.
Qc2 {[%clk 01:09:39]} {[%emt 00:01:53]} Nb4 {[%clk 00:51:59]} {[%emt 00:03:50]}
20. Qa4 {[%clk 01:07:30]} {[%emt 00:02:39]} a6 {[%clk 00:52:05]} {[%emt
00:00:24]} 21. Rad1 {[%clk 01:06:42]} {[%emt 00:01:18]} b5 {[%clk 00:49:06]}
{[%emt 00:03:30]} 22. Rxd8 {[%clk 01:05:23]} {[%emt 00:01:49]} Qxd8 {[%clk
00:49:26]} {[%emt 00:00:11]} 23. Rd1 {[%clk 01:05:41]} {[%emt 00:00:11]} Qc7
{[%clk 00:43:50]} {[%emt 00:06:05]} 24. Qa3 {[%clk 01:03:32]} {[%emt 00:02:39]}
Rd5 {[%clk 00:41:06]} {[%emt 00:03:13]} 25. Rxd5 {[%clk 00:57:12]} {[%emt
00:06:51]} Bxd5 {[%clk 00:41:26]} {[%emt 00:00:10]} 26. b3 {[%clk 00:57:37]}
{[%emt 00:00:05]} f6 {[%clk 00:37:51]} {[%emt 00:04:05]} 27. Ne1 {[%clk
00:56:36]} {[%emt 00:01:30]} Qe5 {[%clk 00:32:25]} {[%emt 00:05:56]} 28. Qc1
{[%clk 00:55:06]} {[%emt 00:01:59]} Nxa2 {[%clk 00:30:55]} {[%emt 00:02:00]}
29. Qxc5 {[%clk 00:55:29]} {[%emt 00:00:08]} Bxb3 {[%clk 00:30:19]} {[%emt
00:01:06]} 30. Qc8 {[%clk 00:55:56]} {[%emt 00:00:03]} Kf7 {[%clk 00:30:39]}
{[%emt 00:00:10]} 31. Qxa6 {[%clk 00:56:10]} {[%emt 00:00:16]} Ba4 {[%clk
00:28:39]} {[%emt 00:02:31]} 32. Qb7 {[%clk 00:55:03]} {[%emt 00:00:51]} Kf8
{[%clk 00:27:12]} {[%emt 00:02:43]} 33. Nf3 {[%clk 00:54:15]} {[%emt 00:01:16]}
Qe7 {[%clk 00:23:00]} {[%emt 00:04:44]} 34. Qb8 {[%clk 00:54:28]} {[%emt
00:00:16]} Qe8 {[%clk 00:23:13]} {[%emt 00:00:18]} 35. Qd6 {[%clk 00:54:23]}
{[%emt 00:00:34]} Qe7 {[%clk 00:23:29]} {[%emt 00:00:14]} 36. Qb8 {[%clk
00:54:43]} {[%emt 00:00:10]} Qe8 {[%clk 00:23:52]} {[%emt 00:00:08]} 37. Qd6
{[%clk 00:55:04]} {[%emt 00:00:09]} Qe7 {[%clk 00:24:16]} {[%emt 00:00:06]} 38.
Qb8 {[%clk 00:55:23]} {[%emt 00:00:11]} Qe8 {[%emt 00:00:05]} 1/2-1/2